| 000 | 01349nac a22003611i 4500 | ||
|---|---|---|---|
| 003 | EG-ScBUE | ||
| 005 | 20241021092425.0 | ||
| 008 | 241021t1970 nyua f b 001 0 eng d | ||
| 020 | _a0486612260 | ||
| 020 | _a9780486612263 | ||
| 040 |
_aEG-ScBUE _beng _erda _cEG-ScBUE _dEG-ScBUE |
||
| 041 | 1 |
_aeng _hrus |
|
| 082 | 0 | 4 |
_a515.7 _bKOL _222 |
| 100 | 1 |
_aKolmogorov, A. N., _eauthor. |
|
| 245 | 1 | 0 |
_aIntroductory real analysis / _cA. N. Kolmogorov, S. V. Fomin ; translated and edited by Richard A. Silverman. |
| 250 | _aRevised English edition. | ||
| 264 | 1 |
_aNew York : _bDover Publications, Inc., _c[1970] |
|
| 264 | 4 | _cc1970 | |
| 300 |
_axii, 403 pages : _billustrations ; _c21 cm |
||
| 336 |
_2rdacontent _atext _btxt |
||
| 337 |
_aunmediated _2rdamedia _bn |
||
| 338 |
_avolume _bnc _2rdacarrier |
||
| 504 | _aIncludes bibliographical references and index. | ||
| 546 | _aText in English ; translated from the original Russian. | ||
| 650 | 7 |
_aFunctions. _2BUEsh |
|
| 650 | 7 |
_aFunctional analysis. _2BUEsh |
|
| 655 | _vReading book | ||
| 700 | 1 |
_aFomin, S. V. _q(Sergeĭ Vasilʹevich), _eauthor. |
|
| 700 | 1 |
_aSilverman, Richard A., _etranslator, _eeditor. |
|
| 856 | 4 | 2 |
_3Publisher description _uhttp://www.loc.gov/catdir/description/dover032/74018669.html |
| 942 |
_cBB _2ddc |
||
| 999 |
_c1733 _d1733 |
||